Risk Management for Health/fitness Professionals : (Record no. 619855)

MARC details
000 -LEADER
fixed length control field 00502nam a2200181 a 4500
008 - FIXED-LENGTH DATA ELEMENTS--GENERAL INFORMATION
fixed length control field 260424s2009##################000#0#eng##
020 ## - INTERNATIONAL STANDARD BOOK NUMBER
ISBN 9780781783644
082 04 - DEWEY DECIMAL CLASSIFICATION NUMBER
Classification number 344.730411EIC
100 1# - MAIN ENTRY--AUTHOR NAME
Personal name Eickhoff-Shemek, JoAnn M.,
245 10 - TITLE STATEMENT
Title Risk Management for Health/fitness Professionals :
260 ## - PUBLICATION, DISTRIBUTION, ETC. (IMPRINT)
Name of publisher LWW,
Year of publication 2009.
650 #0 - SUBJECT ADDED ENTRY--TOPICAL TERM
Topical Term Exercise personnel.
942 ## - ADDED ENTRY ELEMENTS (KOHA)
Koha item type English Books
Holdings
Withdrawn status Lost status Damaged status Not for loan Home library Current library Date acquired Full call number Accession Number Price effective from Koha item type
        Anna Centenary Library Anna Centenary Library 24.04.2026 344.730411EIC 116305 24.04.2026 English Books

Find us on the map